| 000 | 00000nam##2200000za#4500 |
| 001 | 9.695798 |
| 003 | CaOODSP |
| 005 | 20210624234735 |
| 007 | cr ||||||||||| |
| 008 | 150407|2009||||xxc|||||o f|0| 0 eng|d |
| 020 | |a978-1-100-20302-7 |
| 040 | |aCaOODSP|beng |
| 043 | |an-cn--- |
| 086 | 1 |aPS4-141/2009E-PDF |
| 110 | 1 |aCanada. |bPublic Safety Canada. |
| 245 | 10|a2008-2009 formative evaluation of the Intergovernmental Affairs Division : |h[electronic resource]|bfinal report / |c[by] Intergovernmental Affairs and Citizen Engagement Directorate. |
| 260 | |aOttawa - Ontario : |bPublic Safety Canada |cSeptember 15, 2009. |
| 300 | |a24p.|bfigs., tables |
| 590 | |a12-43-Supp|b2012-12-07 |
| 690 | 07|aIntergovernmental relations|2gcpds |
| 775 | 08|t2008-2009 Évaluation formative de la Division des affaires intergouvernementales : |w(CaOODSP)9.639948 |
| 856 | 40|ahttp://publications.gc.ca|qPDF|s278 KB|uhttps://publications.gc.ca/collections/collection_2012/sp-ps/PS4-141-2009-eng.pdf |